| 000 | 00616nam a2200217 i 4500 | ||
|---|---|---|---|
| 001 | 78381 | ||
| 003 | ES-MaACL | ||
| 005 | 20250714063624.0 | ||
| 007 | t| | ||
| 008 | 041014s1901 fr ||||1| fre d | ||
| 100 | 1 |
_aHatzfeld, Adolphe. _962078 |
|
| 245 | 1 | 0 |
_aPascal / _cpar Ad. Hatzfeld. |
| 260 |
_aParis : _bFélix Alcan, _c[1901] ( _fFirmin Didot) |
||
| 300 |
_aXII, 291 p. ; _c23 cm. |
||
| 490 | 1 | _aLes grands philosophes | |
| 600 | 1 | 4 |
_aPascal, Blaise, _d1623-1662 _989307 |
| 830 | 0 |
_aLes grands philosophes _9182277 |
|
| 852 |
_aES-MaACL _jG-6699 |
||
| 852 |
_aES-MaACL _jD-1655 |
||
| 999 |
_c78381 _d78381 |
||